000 00995cam a22002411i 4500
003 SA-RiAUC
005 20251106084224.0
008 251105s1977 su g 0000i ara c
040 _aSA-JeALM
_bara
_cSA-RiAUC
_erda
082 0 4 _a819.9531
_qSA-RiAUC
090 _a819.9531
_bش ح ا
100 1 _aشحاتة، حمزة محمد نور،
_d1328-1393 هجري
_eمؤلف.
245 1 0 _aحمار حمزة شحاتة /
_cحمزة شحاته ، تقديم عبد الله أحمد عبد الجبار.
250 _aالطبعة الأولى.
264 1 _aالرياض :
_bدار المريخ للنشر،
_c1977
300 _a93 صفحة ؛
_c22 سم.
336 _aنص
_btxt
_2rdacontent
_3كتاب
337 _aبدون وسيط
_bn
_2rdamedia
650 7 _aالنثر العربي
_zالسعودية
_yقرن 14 هجري
_2aucsh
700 1 _aعبد الجبار، عبد الله أحمد،
_d1338 هجري-
_eمقدم.
942 _2ddc
_cBOOK
_n0
949 _aSA-JeALM
_d251105
_uosman123
_n1
999 _c13052
_d13052